| 000 | 00640nam a22001697a 4500 | ||
|---|---|---|---|
| 020 | _qHard Cover. | ||
| 082 | _a621.3 | ||
| 100 | _aRaza, Haseeb ; Zawar Shah, Syed | ||
| 245 |
_aDevelopment to of Robust Face Recognition System by Fusing IR and Visible Spectra / _cHaseeb Raza ; Syed Zawar Shah. |
||
| 260 |
_aIslamabad : _bSEECS - NUST, _c2019. |
||
| 300 |
_a47 p. : ill. ; _c30cm. |
||
| 650 | _aElectrical Electronics Engineering-Project Report. | ||
| 700 |
_aDr. Muhammd Shahzad. _930798 |
||
| 856 | _uhttp://10.250.8.41:8080/xmlui/handle/123456789/29537 | ||
| 942 |
_2ddc _cPR |
||
| 999 |
_c535918 _d535918 |
||